header

The healthcare executive's guide to allocating scarce capital (Record no. 35820)

MARC details
000 -LEADER
fixed length control field 01323nam a2200337Ia 4500
082 04 - DEWEY DECIMAL CLASSIFICATION NUMBER
Classification number 338.4/33621
100 1# - MAIN ENTRY--AUTHOR NAME
Personal name Sussman, Jason H.
245 14 - TITLE STATEMENT
Title The healthcare executive's guide to allocating scarce capital
260 ## - PUBLICATION, DISTRIBUTION, ETC. (IMPRINT)
Place of publication Chicago, IL :
Name of publisher Health Administration Press,
Year of publication c2007.
300 ## - PHYSICAL DESCRIPTION
Number of Pages xvii, 146 p. :
Other physical details ill.
490 1# - SERIES STATEMENT
Series statement American College of Healthcare Executives management series
650 #0 - SUBJECT ADDED ENTRY--TOPICAL TERM
Topical Term Capital.
Topical Term Medical care
856 40 - ELECTRONIC LOCATION AND ACCESS
Uniform Resource Identifier http://site.ebrary.com/lib/rucke/Doc?id=10251370

No items available.

© 2026 Rongo University
Contact us: librarian | system librarian | Rongo university